000 00450nam a22001697a 4500
005 20251108172536.0
008 250721s9999 xx 000 0 ara d
082 1 4 _a418.2
100 1 _aإبراهيم، خليل
245 1 0 _aواضح في الإنشاء /
264 1 _aعمان :
_bالأهلية للنشر،
300 _a281 ص
650 1 7 _aالتعبير
650 1 7 _aالإسلوب الأدبي
942 _2ddc
_cBK
999 _c82030
_d82030